| 000 | 01026nam a22003257a 4500 | ||
|---|---|---|---|
| 001 | 0012035 | ||
| 003 | KOHA_MİRAKIL | ||
| 005 | 20260207001837.0 | ||
| 007 | ta | ||
| 008 | 090729b2005 us |||gr||||#||||0|Eng | | ||
| 020 |
_a1405113650 _q |
||
| 020 |
_a9781405113656 _q _c79,94 |
||
| 040 |
_aTR-BiSEU _btur _cTR-BiSEU _erda |
||
| 041 | 0 | _aEng | |
| 044 | _cus | ||
| 050 |
_aTP548 _b.G68 2005 |
||
| 100 | 1 | _aGrainger, Keith. | |
| 245 | 1 |
_aWine production : _bvine to bottle/ _cKeith Grainger ; Keith Grainger, Hazel Tattersall. |
|
| 264 | 1 |
_aOxford ; Ames, Iowa : _bBlackwell Pub. _c2005 |
|
| 300 | _axvii, 130 pages: resimli; 24 cm. | ||
| 336 |
_ametin _btxt _2rdacontent |
||
| 337 |
_aaracısız _bn _2rdamedia |
||
| 338 |
_acilt _bnc _2rdacarrier |
||
| 490 | 0 | _aFood industry briefing series | |
| 500 | _aIncludes bibliographical references and index. | ||
| 500 | _aIncludes web resources. | ||
| 650 | 0 |
_aWine and wine making. _97458 |
|
| 830 | 0 |
_aFood industry briefing series _929207 |
|
| 942 |
_2lcc _cBK |
||
| 999 |
_c12004 _d12004 |
||